• 首页
  • 本馆介绍
  • 公告通知
  • 最新文献
  • 馆藏检索
  • 电子资源
  • 读者导购
  • 参考咨询
  • 我的图书馆
  • 登录
  • 详细信息显示
  • 放入我的书架
  • 预约/预借图书
  • 作者相关作品
  • 分类相关作品
  • 丛书相关作品
  • 出版社相关作品

书目信息

  • 表格格式
  • 工作单格式
  • 卡片格式
题名:
忌讳及其他谈片
    
 
作者: 何满子 著
分册:  
出版信息: 上海   上海古籍出版社  1998
页数: 164页
开本: 20cm
丛书名:
单 册:
中图分类: K892.98
科图分类:
主题词: 风俗习惯
电子资源:
ISBN: 7-5325-2392-6
000 00530nam0 2200193 45
001 0309282372
005 20031219104119.0
010    @a7-5325-2392-6@dCNY9.00
100    @a20030928d1998 km y0chiy0120 ea
101 0  @achi
105    @a z 000yy
200 1  @a忌讳及其他谈片@AJi Hui Ji Qi Ta Tan Pian@f何满子著@FHe Man Zi Zhu
210    @a上海@c上海古籍出版社@d1998
215    @a164页@d20cm
606 0  @a风俗习惯
690    @aK892.98@v4
701  0 @a何满子@4著
801    @aCN@bTSTC@c20030928
905    @b326325-327@dK892.98@e77@f3
    
    忌讳及其他谈片/何满子著.-上海:上海古籍出版社,1998
    164页;20cm
    
    
    ISBN 7-5325-2392-6:CNY9.00
    
●
相关链接 在E读中查询图书 在五车中查询图书 在当当中查询图书 在豆瓣中查询图书


正题名:忌讳及其他谈片     索取号:K892.98/77         预约/预借

序号 登录号 条形码 馆藏地/架位号 状态 备注
1 0326325   203263253   第二借阅区/ [索取号:K892.98/77] 在馆    
2 0326326   203263262   第二借阅区/ [索取号:K892.98/77] 在馆    
3 0326327   203263271   第二样本阅览室/ [索取号:K892.98/77] 在馆    
唐山师范学院图书馆 欢迎您!
大连网信软件有限公司© 版权所有